25 najlepszych zawodników w FC 26 którzy nie jadą na mundial 2026 - Statystyki

Ogólne statystyki
  • Ten quiz został rozwiązany 61 razy
  • Średni wynik to 12 z 25
Statystyki odpowiedzi
overall kraj klub piłkarz % Poprawnych
88 polska barcelona lewandowski
100%
88 słowenia atletico madryt oblak
87%
89 włochy man city donnaruma
83%
84 polska barcelona szczęsny
75%
87 włochy inter mediolan barella
62%
86 włochy newcastle tonali
56%
87 nigeria galatasaray osimhen
54%
87 gwinea BVB guirassy
52%
87 włochy inter mediolan bastoni
50%
84 węgry rb leipsk orban
48%
85 włochy inter mediolan dimarco
46%
84 gruzja liverpool mamardaschvili
46%
83 węgry liverpool szoboszlai
46%
87 gruzja PSG kvaratskhelia
44%
84 nigeria atalanta lookman
44%
85 kamerun man united mbeumo
40%
84 serbia al hilal milinkovic savic
40%
85 węgry rb lepisk gulacsi
38%
83 armenia inter mediolan mkhitaryan
33%
84 włochy inter mediolan acerbi
25%
83 dania fc sporting hjulmand
25%
83 włochy napoli di lorenzo
23%
84 włochy juventus locatelli
15%
84 włochy atalanta carnesecchi
13%
84 włochy lazio zaccagni
12%
Nie znaleziono quizów pasujących do podanych kryteriów
Rozkład punktacji
Procent ludzi z każdym wynikiem
Percentyl według liczby udzielonych odpowiedzi
Twoja historia wyników
Nie rozwiązałeś tego quizu